Fr. Conceicao Rodrigues College of Engineering

Fitter 1st Year Trade Practicals (Record no. 32040)

MARC details
000 -LEADER
fixed length control field 00321nam a2200145Ia 4500
100 ## - MAIN ENTRY--PERSONAL NAME
Personal name D.G.E.T. Minstry (Cimi)
245 ## - TITLE STATEMENT
Title Fitter 1st Year Trade Practicals
260 ## - PUBLICATION, DISTRIBUTION, ETC.
Name of publisher, distributor, etc. Wiley eastern
Place of publication, distribution, etc. NEW DELHI
Date of publication, distribution, etc. 1993
300 ## - PHYSICAL DESCRIPTION
Extent 408
490 ## - SERIES STATEMENT
Volume/sequential designation ITI
546 ## - LANGUAGE NOTE
Language note ENGLISH
650 ## - SUBJECT ADDED ENTRY--TOPICAL TERM
Topical term or geographic name entry element Fitter
654 ## - SUBJECT ADDED ENTRY--FACETED TOPICAL TERMS
Focus term Fitter
942 ## - ADDED ENTRY ELEMENTS (KOHA)
Koha item type BOOK
Holdings
Withdrawn status Lost status Damaged status Not for loan Collection Home library Current library Shelving location Date acquired Total Checkouts Full call number Barcode Date last seen Price effective from Koha item type
        AFT Fr. Agnel's C.Rodrigues College of Engineering Fr. Agnel's C.Rodrigues College of Engineering   17/03/2023   AFT6367 17/03/2023 17/03/2023 BOOK
        AFT Fr. Agnel's C.Rodrigues College of Engineering Fr. Agnel's C.Rodrigues College of Engineering   17/03/2023   AFT6368 17/03/2023 17/03/2023 BOOK
        AFT Fr. Agnel's C.Rodrigues College of Engineering Fr. Agnel's C.Rodrigues College of Engineering   17/03/2023   AFT6369 17/03/2023 17/03/2023 BOOK
        AFT Fr. Agnel's C.Rodrigues College of Engineering Fr. Agnel's C.Rodrigues College of Engineering   17/03/2023   AFT6370 17/03/2023 17/03/2023 BOOK
        AFT Fr. Agnel's C.Rodrigues College of Engineering Fr. Agnel's C.Rodrigues College of Engineering   17/03/2023   AFT6371 17/03/2023 17/03/2023 BOOK